|
|
|
|
| LEADER |
01689nam a2200385 i 4500 |
| 001 |
45783 |
| 003 |
BD-DhAAL |
| 005 |
20260514181158.0 |
| 008 |
260513t2015 nyua b 001 0 eng |
| 010 |
|
|
|a 2014047907
|
| 020 |
|
|
|a 9781479827626
|
| 020 |
|
|
|a 9781479884063
|
| 035 |
|
|
|a 18454792
|
| 040 |
|
|
|a DLC
|b eng
|c DLC
|e rda
|d DLC
|d BD-DhAAL
|
| 042 |
|
|
|a pcc
|
| 043 |
|
|
|a a-ja---
|
| 050 |
0 |
0 |
|a BL2211.W65
|b A43 2015
|
| 082 |
0 |
0 |
|a 200.820952
|2 23
|
| 100 |
1 |
|
|a Ambros, Barbara,
|d 1968-
|9 60715
|
| 245 |
1 |
0 |
|a Women in Japanese religions /
|c Barbara R. Ambros.
|
| 246 |
|
3 |
|a Women in Japanese religions
|
| 260 |
|
|
|a New York :
|b New York University Press,
|c c2015.
|
| 300 |
|
|
|a x,237 pages :
|b illustrations ;
|c 24 cm
|
| 490 |
1 |
|
|a Women in religions
|
| 504 |
|
|
|a Includes bibliographical references and index.
|
| 526 |
8 |
|
|a AAL
|
| 541 |
1 |
|
|a Donated by Embassy of Japan in Bangladesh, Read Japan Project 2025, The Tokyo Foundation, supported by The Nippon Foundation.
|e 45783
|
| 650 |
|
0 |
|a Women and religion
|z Japan
|x History.
|9 60716
|
| 650 |
|
0 |
|a Manners and customs.
|
| 650 |
|
0 |
|a Social sciences.
|
| 830 |
|
0 |
|a Women in religions
|9 60717
|
| 852 |
1 |
|
|a Ayesha Abed Library
|c General Stacks
|
| 942 |
|
|
|2 ddc
|c BK
|
| 999 |
|
|
|c 47942
|d 47942
|
| 952 |
|
|
|0 0
|1 0
|2 ddc
|4 0
|6 200_820952000000000_AMB
|7 0
|9 79199
|a BRACUL
|b BRACUL
|d 2026-05-13
|e Donated by Embassy of Japan in Bangladesh, Read Japan Project 2025, The Tokyo Foundation, supported by The Nippon Foundation.
|l 0
|o 200.820952 AMB
|p 3010045783
|r 2026-05-13
|t 1
|w 2026-05-13
|y BK
|x Donated copy received from Embassy of Japan in Bangladesh, Read Japan Project 2025, The Tokyo Foundation, supported by The Nippon Foundation on 08 April 2026; $15.48
|